| 000 | 00372nam a22001457a 4500 | ||
|---|---|---|---|
| 020 | _a0-07-037381-7 | ||
| 082 | _a658 LEV'Q | ||
| 100 |
_aKIRKPATRICK, CHARLES A,LEVIN, RICHARD I _974939 |
||
| 245 | _aQUANTATIVE APPROACHES TO MANAGEMENT | ||
| 250 | _a3RD | ||
| 260 |
_aNEWYORK _bMCGRAW HILL _c1975 |
||
| 300 | _a586P | ||
| 650 |
_aOPERATION RESEARCH _91219 |
||
| 942 | _cBK | ||
| 999 |
_c580443 _d580443 |
||